[Event "II Open FIDE"]
[Site "Forli' ITA"]
[Date "1989.06.19"]
[Round "3"]
[White "De Eccher, Stefano"]
[Black "Garcia Palermo, Carlos Horacio"]
[WhiteElo "2270"]
[BlackElo "2470"]
[Result "1/2-1/2"]
[PlyCount "80"]
[EventDate "1989.06.17"]

1. e4 c6 2. d4 d5 3. f3 dxe4 4. fxe4 e5 5. Nf3 Be6 6. Be3 exd4 7. Qxd4 Qxd4 8.
Nxd4 Nd7 9. Nxe6 fxe6 10. Bc4 Bc5 11. Bxc5 Nxc5 12. Nd2 Ke7 13. O-O-O b5 14.
Bd3 Nf6 15. Nf3 Ng4 16. Rd2 Nd7 17. Rhd1 Rad8 18. a3 Nge5 19. Be2 a5 20. Nxe5
Nxe5 21. Rxd8 Rxd8 22. Rxd8 Kxd8 23. b4 axb4 24. axb4 Kc7 25. Kd2 Kb6 26. Ke3
c5 27. bxc5+ Kxc5 28. c3 b4 29. cxb4+ Kxb4 30. h4 Kc5 31. g4 h6 32. g5 hxg5 33.
hxg5 Nf7 34. Kf4 g6 35. e5 Kd4 36. Bg4 Nxe5 37. Bxe6 Nd3+ 38. Kg4 Ke5 39. Bd7
Nf2+ 40. Kf3 Ne4 1/2-1/2

[Event "II Open FIDE"]
[Site "Forli' ITA"]
[Date "1989.06.19"]
[Round "3"]
[White "Djuric, Stefan"]
[Black "Tatai, Stefano"]
[WhiteElo "2475"]
[BlackElo "2395"]
[Result "1-0"]
[PlyCount "73"]
[EventDate "1989.06.17"]

1. e4 e6 2. d4 d5 3. Nc3 Bb4 4. Bd3 Nc6 5. a3 Ba5 6. Nf3 Nf6 7. exd5 Nxd5 8.
Bd2 Nxc3 9. bxc3 h6 10. O-O O-O 11. Re1 Ne7 12. Ne5 Nd5 13. Qh5 f5 14. Bxh6
gxh6 15. Qg6+ Kh8 16. Qxh6+ Kg8 17. Qg6+ Kh8 18. c4 Bxe1 19. Rxe1 Nf6 20. Re3
Nh7 21. Rg3 Qe7 22. Qh5 Rf6 23. Qh4 Qf8 24. Be2 Bd7 25. Nxd7 Qh6 26. Qxh6 Rxh6
27. Ne5 Rf6 28. Bh5 Nf8 29. c5 Kh7 30. f4 Rd8 31. c3 c6 32. Bf7 Rd5 33. Bg8+
Kh6 34. Nf7+ Kh5 35. Rg5+ Kh4 36. Kf2 Rg6 37. g3+ 1-0

[Event "II Open FIDE"]
[Site "Forli' ITA"]
[Date "1989.06.19"]
[Round "3"]
[White "Kosten, Anthony C."]
[Black "Belotti, Bruno"]
[WhiteElo "2505"]
[BlackElo "2350"]
[Result "1/2-1/2"]
[PlyCount "96"]
[EventDate "1989.06.17"]

1. e4 c5 2. Nf3 d6 3. d4 cxd4 4. Nxd4 Nf6 5. Nc3 Nc6 6. Bg5 e6 7. Qd2 Be7 8.
O-O-O O-O 9. f4 Nxd4 10. Qxd4 Qa5 11. Bc4 Bd7 12. Bb3 Bc6 13. Kb1 h6 14. h4
Rad8 15. Qd3 b5 16. a3 b4 17. axb4 Qxb4 18. f5 exf5 19. exf5 d5 20. Bd2 Qg4 21.
Be3 d4 22. Bxd4 Bc5 23. Qa6 Bxd4 24. Qxc6 Rc8 25. Qf3 Bxc3 26. bxc3 Qxf3 27.
gxf3 Rxc3 28. Rd3 Rc5 29. Re1 Rxf5 30. Re7 a5 31. Rxf7 Rxf7 32. Rd8+ Kh7 33.
Bxf7 g6 34. Ra8 h5 35. c4 Rxf3 36. Rxa5 Ne4 37. Ra7 Rf4 38. Re7 Kh6 39. Re6
Nd2+ 40. Kc2 Rxf7 41. Kxd2 Rf4 42. c5 Rxh4 43. Kd3 Rf4 44. c6 Rf7 45. Re4 Kg5
46. Rc4 Rc7 47. Ke4 h4 48. Kf3 Kf5 1/2-1/2

[Event "II Open FIDE"]
[Site "Forli' ITA"]
[Date "1989.06.19"]
[Round "3"]
[White "Marinelli, Tullio"]
[Black "Polaczek, Richard"]
[WhiteElo "2260"]
[BlackElo "2375"]
[Result "1-0"]
[PlyCount "119"]
[EventDate "1989.06.17"]

1. d4 Nf6 2. c4 e6 3. Nc3 Bb4 4. Qc2 d5 5. e3 O-O 6. Nf3 Nbd7 7. a3 Be7 8. b4
c6 9. Bb2 dxc4 10. Bxc4 b5 11. Bd3 a5 12. bxa5 Qxa5 13. O-O Bb7 14. Ne5 g6 15.
f4 Qb6 16. Ne4 Nxe5 17. Nxf6+ Bxf6 18. fxe5 Be7 19. Qb3 b4 20. axb4 Qxb4 21.
Qxb4 Bxb4 22. Be4 Rxa1 23. Rxa1 Ra8 24. Rb1 Ra7 25. Bc1 Be7 26. Bd2 Kf8 27. Kf2
Ra2 28. Ke1 Ba6 29. Bxc6 Bd3 30. Rb8+ Kg7 31. Bb4 Rb2 32. Bd6 Rxb8 33. Bxb8 f6
34. exf6+ Bxf6 35. Kf2 Bc4 36. Kf3 Kf7 37. Ba4 Bg7 38. Bd6 Bf6 39. Kf4 h5 40.
Bc2 Bb5 41. Be4 Bc4 42. Bf3 Bd3 43. Kg3 Bc2 44. Kf2 Kg7 45. Ke2 Kh6 46. Kd2 Bb1
47. Kc3 g5 48. Bc6 Kg7 49. Kc4 h4 50. Bf3 Kf7 51. Kc5 Bd8 52. Kc6 Ba5 53. h3
Bc3 54. Kd7 Bf5 55. e4 Bg6 56. Bc5 Bd2 57. e5 Bf5 58. Bh5+ Kg7 59. Ke7 Be3 60.
Bf7 1-0

[Event "II Open FIDE"]
[Site "Forli' ITA"]
[Date "1989.06.19"]
[Round "3"]
[White "Pozzi, Enrico"]
[Black "Raiano, Andrea"]
[WhiteElo "2295"]
[BlackElo "2240"]
[Result "1/2-1/2"]
[PlyCount "21"]
[EventDate "1989.06.17"]

1. e4 c6 2. d4 d5 3. exd5 cxd5 4. Nf3 Nf6 5. Bd3 Nc6 6. c3 g6 7. O-O Bg7 8. Re1
O-O 9. Bf4 Bf5 10. Bxf5 gxf5 11. Nbd2 1/2-1/2

[Event "II Open FIDE"]
[Site "Forli' ITA"]
[Date "1989.06.19"]
[Round "3"]
[White "Sapi, Laszlo"]
[Black "Laco, Giuseppe"]
[WhiteElo "2340"]
[BlackElo "2265"]
[Result "1/2-1/2"]
[PlyCount "29"]
[EventDate "1989.06.17"]

1. d4 g6 2. c4 Bg7 3. Nc3 c5 4. d5 d6 5. e4 Bxc3+ 6. bxc3 Qa5 7. Qc2 f5 8. exf5
Bxf5 9. Bd3 Bxd3 10. Qxd3 Nd7 11. Nf3 Ngf6 12. O-O O-O-O 13. Re1 Rde8 14. Bf4
Nb6 15. Nd2 1/2-1/2

[Event "II Open FIDE"]
[Site "Forli' ITA"]
[Date "1989.06.19"]
[Round "3"]
[White "Taimanov, Mark E."]
[Black "Forintos, Gyozo Victor"]
[WhiteElo "2480"]
[BlackElo "2390"]
[Result "1/2-1/2"]
[PlyCount "36"]
[EventDate "1989.06.17"]

1. Nf3 c5 2. b3 b6 3. Bb2 Bb7 4. e3 Nf6 5. d4 e6 6. Nbd2 Qc7 7. Bd3 cxd4 8.
exd4 Nd5 9. Be4 Bb4 10. O-O Nc3 11. Bxc3 Bxc3 12. Bxb7 Qxb7 13. Nc4 O-O 14. Rc1
b5 15. Qd3 bxc4 16. Qxc3 cxb3 17. axb3 Na6 18. Qa5 Nb4 1/2-1/2

[Event "II Open FIDE"]
[Site "Forli' ITA"]
[Date "1989.06.19"]
[Round "3"]
[White "Tringov, Georgi Petrov"]
[Black "Yermolinsky, Alex"]
[WhiteElo "2425"]
[BlackElo "2480"]
[Result "0-1"]
[PlyCount "104"]
[EventDate "1989.06.17"]

1. e4 c5 2. Nf3 d6 3. d4 cxd4 4. Nxd4 Nf6 5. Nc3 Nc6 6. Bg5 e6 7. Qd2 a6 8.
O-O-O h6 9. Be3 Be7 10. f3 Nxd4 11. Bxd4 b5 12. Bxf6 gxf6 13. Ne2 Qb6 14. Nf4
h5 15. g4 hxg4 16. fxg4 Bb7 17. Bg2 Rg8 18. h3 b4 19. Kb1 a5 20. Rhf1 a4 21.
Nh5 Rg6 22. Qd4 Qxd4 23. Rxd4 b3 24. cxb3 axb3 25. axb3 Ra5 26. Rb4 Bc6 27.
Rb8+ Kd7 28. Rh8 Rc5 29. Rh7 Ke8 30. Rh8+ Kd7 31. Rh7 Ke8 32. b4 Rc4 33. Rc1
Rxc1+ 34. Kxc1 Rg5 35. Kc2 f5 36. b5 Bxe4+ 37. Bxe4 fxe4 38. Rh8+ Kd7 39. Rh7
Rc5+ 40. Kd1 Rd5+ 41. Ke2 Rxb5 42. Rxf7 Ke8 43. Rh7 Rxb2+ 44. Ke3 d5 45. h4
Bxh4 46. Ng7+ Kf7 47. Nxe6+ Kxe6 48. Rxh4 Rb3+ 49. Kd4 Rd3+ 50. Kc5 e3 51. Rh8
Kf7 52. Rh5 d4 0-1

[Event "II Open FIDE"]
[Site "Forli' ITA"]
[Date "1989.06.19"]
[Round "3"]
[White "Vezzosi, Paolo"]
[Black "Santolini, Luigi"]
[WhiteElo "2340"]
[BlackElo "2235"]
[Result "1/2-1/2"]
[PlyCount "86"]
[EventDate "1989.06.17"]

1. d4 d5 2. Nf3 e6 3. c4 Be7 4. Nc3 Nf6 5. Bg5 O-O 6. e3 h6 7. Bh4 b6 8. Rc1
Bb7 9. Bxf6 Bxf6 10. cxd5 exd5 11. Bd3 c5 12. O-O Nd7 13. Bf5 g6 14. Bh3 Re8
15. Qa4 Nf8 16. Rfd1 a6 17. dxc5 bxc5 18. Nxd5 Bxd5 19. Rxc5 Qb6 20. Rcxd5 Qxb2
21. g3 Ne6 22. Bxe6 Rxe6 23. Rd6 Qb5 24. Qf4 Rxd6 25. Rxd6 Rc8 26. Rd1 Bg7 27.
Kg2 Qb2 28. Rd2 Qb7 29. Qa4 Qb5 30. Qxb5 axb5 31. Nd4 Bxd4 32. exd4 Rc3 33. Rb2
Rd3 34. Rxb5 Rxd4 35. Ra5 Rd2 36. h4 Kg7 37. Ra6 Rc2 38. Kf3 Rc3+ 39. Ke2 Rc2+
40. Ke3 Rc3+ 41. Kd2 Rf3 42. Ke2 Rc3 43. Rd6 Ra3 1/2-1/2

[Event "II Open FIDE"]
[Site "Forli' ITA"]
[Date "1989.06.20"]
[Round "4"]
[White "Belotti, Bruno"]
[Black "Tringov, Georgi Petrov"]
[WhiteElo "2350"]
[BlackElo "2425"]
[Result "1-0"]
[PlyCount "80"]
[EventDate "1989.06.17"]

1. d4 Nf6 2. c4 c5 3. d5 d6 4. Nc3 g6 5. e4 Bg7 6. h3 O-O 7. Nf3 a6 8. a4 e6 9.
Bd3 exd5 10. exd5 Re8+ 11. Be3 Nh5 12. O-O Nd7 13. Bg5 Bf6 14. Bxf6 Ndxf6 15.
Qd2 Ng7 16. a5 Bf5 17. Rfb1 Ne4 18. Nxe4 Bxe4 19. Bxe4 Rxe4 20. Qd3 Re7 21. b4
cxb4 22. Rxb4 Rc8 23. Rb6 Nh5 24. Qd4 Rec7 25. Nd2 Qg5 26. h4 Qe7 27. Rab1 Nf6
28. Qf4 Rd7 29. g3 h5 30. Qe3 Qxe3 31. fxe3 Rcc7 32. R1b4 Ng4 33. Ne4 Re7 34.
Nxd6 Rxe3 35. Rxb7 Rxb7 36. Nxb7 Rxg3+ 37. Kf1 Rc3 38. d6 Ne5 39. c5 Kg7 40.
Re4 Nd7 1-0

[Event "II Open FIDE"]
[Site "Forli' ITA"]
[Date "1989.06.20"]
[Round "4"]
[White "Caposciutti, Maurizio"]
[Black "Sapi, Laszlo"]
[WhiteElo "2265"]
[BlackElo "2340"]
[Result "1/2-1/2"]
[PlyCount "43"]
[EventDate "1989.06.17"]

1. e4 Nf6 2. Nc3 d5 3. e5 Nfd7 4. d4 c5 5. e6 fxe6 6. Nf3 Nc6 7. dxc5 Nxc5 8.
Bb5 a6 9. Bxc6+ bxc6 10. Ne5 Nd7 11. Qh5+ g6 12. Nxg6 Nf6 13. Qh4 Rg8 14. Nxf8
Kxf8 15. Bg5 Kg7 16. O-O-O Kh8 17. Rhe1 Rb8 18. Qf4 Rb7 19. Na4 Rb5 20. Nc3 Rb7
21. Rd3 Rg6 22. Rg3 1/2-1/2

[Event "II Open FIDE"]
[Site "Forli' ITA"]
[Date "1989.06.20"]
[Round "4"]
[White "De Eccher, Stefano"]
[Black "Nikolic, Stanimir"]
[WhiteElo "2270"]
[BlackElo "2320"]
[Result "1/2-1/2"]
[PlyCount "108"]
[EventDate "1989.06.17"]

1. e4 g6 2. d4 d6 3. Nc3 c6 4. g3 Bg7 5. Bg2 Nf6 6. Nge2 O-O 7. h3 e5 8. O-O
Qb6 9. Be3 Qc7 10. Qd2 Re8 11. f4 exd4 12. Bxd4 Nbd7 13. Rad1 Bf8 14. g4 h6 15.
Ng3 a6 16. Rde1 Nh7 17. h4 b5 18. a3 Bb7 19. g5 hxg5 20. hxg5 c5 21. Bf2 Nb6
22. b3 Bg7 23. Nd5 Qd8 24. Nxb6 Qxb6 25. Rd1 Rad8 26. Bf3 Qc7 27. Kg2 f5 28.
exf5 gxf5 29. Bxb7 Qxb7+ 30. Qd5+ Qxd5+ 31. Rxd5 Nf8 32. Rfd1 Ne6 33. Rxd6 Rxd6
34. Rxd6 Nxf4+ 35. Kf3 Nh3 36. Nxf5 Nxg5+ 37. Kg2 Rf8 38. Rd5 Ne6 39. Bg3 Bb2
40. a4 bxa4 41. bxa4 Nd4 42. Ne3 Re8 43. Bf2 Bc1 44. Ng4 Re2 45. Rxc5 Rxc2 46.
Ra5 Nc6 47. Rxa6 Rc4 48. Kf3 Kf8 49. a5 Ke7 50. Ra8 Rf4+ 51. Kg3 Ra4 52. a6
Bf4+ 53. Kg2 Bb8 54. Ne3 Ke6 1/2-1/2

[Event "II Open FIDE"]
[Site "Forli' ITA"]
[Date "1989.06.20"]
[Round "4"]
[White "Delchev, Aleksander"]
[Black "Santolini, Luigi"]
[WhiteElo "2410"]
[BlackElo "2235"]
[Result "1-0"]
[PlyCount "53"]
[EventDate "1989.06.17"]

1. e4 c6 2. d4 d5 3. Nd2 dxe4 4. Nxe4 Bf5 5. Nc5 Qc7 6. Bd3 Bxd3 7. Nxd3 Nf6 8.
Nf3 e6 9. Bf4 Bd6 10. Be5 Nbd7 11. Qe2 Bxe5 12. dxe5 Nd5 13. O-O c5 14. c4 Ne7
15. a3 O-O 16. Qe4 Rfd8 17. Rad1 Nf8 18. Nf4 Nfg6 19. Nxg6 Nxg6 20. h4 h5 21.
Qe3 Qe7 22. g3 b6 23. Ng5 Qc7 24. Qf3 Nxe5 25. Qxh5 g6 26. Qh7+ Kf8 27. Nxe6+
1-0

[Event "II Open FIDE"]
[Site "Forli' ITA"]
[Date "1989.06.20"]
[Round "4"]
[White "Garcia Palermo, Carlos Horacio"]
[Black "Bartsch, Berthold"]
[WhiteElo "2470"]
[BlackElo "2275"]
[Result "1-0"]
[PlyCount "57"]
[EventDate "1989.06.17"]

1. d4 Nf6 2. c4 e5 3. dxe5 Ng4 4. Bf4 g5 5. Bd2 Nxe5 6. Bc3 Bg7 7. h4 h6 8. e3
Qe7 9. hxg5 hxg5 10. Rxh8+ Bxh8 11. Qh5 Bf6 12. Nd2 d6 13. Ne4 Nbd7 14. Nh3 Ng6
15. Nxf6+ Nxf6 16. Qxg5 Ne4 17. Qxe7+ Kxe7 18. Rc1 Nxc3 19. Rxc3 b6 20. f3 a5
21. Kf2 Be6 22. Ng5 Bf5 23. f4 Rh8 24. Kg1 f6 25. Nf3 Be4 26. Bd3 Bxf3 27. Bxg6
Rg8 28. e4 Bxg2 29. f5 1-0

[Event "II Open FIDE"]
[Site "Forli' ITA"]
[Date "1989.06.20"]
[Round "4"]
[White "Laco, Giuseppe"]
[Black "Pavlovic, Milos"]
[WhiteElo "2265"]
[BlackElo "2375"]
[Result "1-0"]
[PlyCount "101"]
[EventDate "1989.06.17"]

1. c4 Nf6 2. b4 e6 3. a3 b6 4. Bb2 Bb7 5. e3 c5 6. b5 d5 7. d3 Nbd7 8. Nd2 Bd6
9. Ngf3 O-O 10. Qc2 Qe7 11. h3 Bc7 12. a4 e5 13. e4 dxe4 14. dxe4 Nh5 15. O-O-O
Nf4 16. g3 Ne6 17. Bd3 a6 18. Nh4 Nd4 19. Nf5 Qe6 20. Qb1 axb5 21. axb5 Ra4 22.
g4 Rfa8 23. Rde1 Nf8 24. h4 Ng6 25. Rhg1 Nf4 26. Rg3 Rb4 27. Bf1 Qd7 28. Ree3
g6 29. Nh6+ Kg7 30. g5 Rd8 31. Rd3 f6 32. Qa2 Ra8 33. Ra3 Nfe2+ 34. Bxe2 Nxe2+
35. Kc2 Nxg3 36. Rxa8 fxg5 37. Rg8+ Kxh6 38. hxg5+ Kh5 39. fxg3 Qf7 40. Rh8 Qg7
41. Qa1 Rxc4+ 42. Kd3 Qd7+ 43. Kxc4 Qxd2 44. g4+ Kh4 45. Rxh7+ Kg3 46. Qa3+
Kxg4 47. Qh3+ Kf4 48. Qh4+ Ke3 49. Qg3+ Kxe4 50. Rh4+ Kf5 51. Qg4# 1-0

[Event "II Open FIDE"]
[Site "Forli' ITA"]
[Date "1989.06.20"]
[Round "4"]
[White "Martorelli, Antonio"]
[Black "Pozzi, Enrico"]
[WhiteElo "2250"]
[BlackElo "2295"]
[Result "1-0"]
[PlyCount "35"]
[EventDate "1989.06.17"]

1. e4 b6 2. d4 Bb7 3. Bd3 e6 4. Nf3 c5 5. d5 exd5 6. exd5 Bxd5 7. Nc3 Bb7 8.
Bc4 Nf6 9. Ne5 Be7 10. Nxf7 Qc7 11. Nxh8 Bxg2 12. Rg1 Qxh2 13. Ne2 Bf3 14. Rf1
Nc6 15. Bf4 Qh4 16. Qd2 g5 17. Bf7+ Kf8 18. Bxg5 1-0

[Event "II Open FIDE"]
[Site "Forli' ITA"]
[Date "1989.06.20"]
[Round "4"]
[White "Meduna, Eduard"]
[Black "Marinelli, Tullio"]
[WhiteElo "2485"]
[BlackElo "2260"]
[Result "0-1"]
[PlyCount "81"]
[EventDate "1989.06.17"]

1. d4 Nf6 2. Nf3 e6 3. Bg5 c5 4. c3 d5 5. e3 Nbd7 6. Nbd2 Qc7 7. Bd3 b6 8. O-O
Bb7 9. Bxf6 Nxf6 10. Bb5+ Bc6 11. Bxc6+ Qxc6 12. Ne5 Qb7 13. c4 dxc4 14. Ndxc4
cxd4 15. Qb3 b5 16. Rad1 Qa6 17. Rxd4 bxc4 18. Rxc4 Be7 19. Nc6 Bd8 20. Rfc1
O-O 21. e4 Rc8 22. Qc2 Kh8 23. a4 Nd7 24. b4 Nb8 25. b5 Qb7 26. Rd1 a6 27. Rb1
axb5 28. Rxb5 Qa8 29. Ne5 Rxc4 30. Qxc4 Kg8 31. Qb4 Bc7 32. Nd3 Rd8 33. Nb2 Nc6
34. Qc4 Be5 35. g3 Bd4 36. Nd3 h6 37. a5 e5 38. h4 Rc8 39. Qa4 Ne7 40. Nxe5
Qxe4 41. Kh2 0-1

[Event "II Open FIDE"]
[Site "Forli' ITA"]
[Date "1989.06.20"]
[Round "4"]
[White "Michalet, Guy"]
[Black "Den Boer, Ber"]
[WhiteElo "2215"]
[BlackElo "2290"]
[Result "1-0"]
[PlyCount "133"]
[EventDate "1989.06.17"]

1. Nf3 Nf6 2. c4 g6 3. d4 Bg7 4. g3 O-O 5. Bg2 d6 6. O-O Nc6 7. Nc3 a6 8. h3
Rb8 9. a4 Na5 10. b3 c5 11. dxc5 Nd7 12. Bd2 dxc5 13. Rb1 Nc6 14. Qc1 Nd4 15.
Bh6 Bxh6 16. Qxh6 Nf6 17. Rfd1 Qa5 18. Nd5 Nxd5 19. cxd5 Nxf3+ 20. exf3 b5 21.
axb5 Bf5 22. Rb2 Rxb5 23. Bf1 Qa3 24. Bxb5 Qxb2 25. Bc4 Qc3 26. Kg2 a5 27. Qe3
Qxe3 28. fxe3 Bd7 29. Ra1 Ra8 30. g4 Kg7 31. g5 e5 32. dxe6 Bxe6 33. Bxe6 fxe6
34. Kg3 Kf7 35. Kf4 Ke7 36. Ke5 Ra6 37. Ra4 Kf7 38. Rh4 Kg7 39. Rc4 Rc6 40. Ke4
Rb6 41. Rxc5 Rxb3 42. Rxa5 Rb7 43. Ke5 Kf7 44. e4 Rd7 45. Rc5 Ra7 46. Kd6 Ra6+
47. Rc6 Ra3 48. Rc7+ Kg8 49. f4 Rxh3 50. Kxe6 Ra3 51. f5 Ra6+ 52. Ke7 gxf5 53.
exf5 Ra5 54. Rc8+ Kg7 55. f6+ Kg6 56. Rg8+ Kf5 57. Rg7 Ra7+ 58. Kd6 Ra6+ 59.
Kc5 Ra8 60. Kc6 h6 61. f7 Rf8 62. Kd6 hxg5 63. Ke7 Ra8 64. f8=Q+ Rxf8 65. Kxf8
g4 66. Kf7 Kf4 67. Kg6 1-0

[Event "II Open FIDE"]
[Site "Forli' ITA"]
[Date "1989.06.20"]
[Round "4"]
[White "Pastorini, Mario"]
[Black "Valenti, Giuseppe"]
[WhiteElo "2305"]
[BlackElo "2255"]
[Result "1/2-1/2"]
[PlyCount "82"]
[EventDate "1989.06.17"]

1. c4 Nf6 2. Nc3 c5 3. g3 e6 4. Nf3 Be7 5. Bg2 a6 6. O-O Qc7 7. e4 d6 8. b3 O-O
9. d4 cxd4 10. Nxd4 Nc6 11. Bb2 Bd7 12. Rc1 Qa5 13. Kh1 Rab8 14. f4 Rfd8 15. a3
Be8 16. f5 Bd7 17. b4 Qc7 18. fxe6 fxe6 19. Nd5 exd5 20. cxd5 Qb6 21. dxc6 bxc6
22. Nf5 Bxf5 23. exf5 d5 24. Re1 Re8 25. Re6 Qf2 26. Qc2 Qxc2 27. Rxc2 a5 28.
Rexc6 axb4 29. Bxf6 Bxf6 30. Bxd5+ Kf8 31. axb4 Rxb4 32. Rc7 Re7 33. Rc8+ Re8
34. Be6 Rxc8 35. Rxc8+ Ke7 36. Rc7+ Kd6 37. Rd7+ Ke5 38. Rd2 Rd4 39. Rxd4 Kxd4
40. Kg2 Ke3 41. Kh3 Kd4 1/2-1/2

[Event "II Open FIDE"]
[Site "Forli' ITA"]
[Date "1989.06.20"]
[Round "4"]
[White "Tatai, Stefano"]
[Black "Votruba, Pavel"]
[WhiteElo "2395"]
[BlackElo "2355"]
[Result "1-0"]
[PlyCount "69"]
[EventDate "1989.06.17"]

1. d4 c5 2. d5 e5 3. e4 d6 4. Nc3 Be7 5. Be2 Nf6 6. Nf3 O-O 7. O-O Ne8 8. Nd2
g6 9. Nc4 Bg5 10. a4 Nd7 11. a5 Bxc1 12. Qxc1 Qe7 13. Qe3 Rb8 14. Nb5 a6 15.
Nc3 f5 16. f4 Ng7 17. g4 exf4 18. Qxf4 Ne5 19. exf5 gxf5 20. Rae1 Bd7 21. Nxe5
dxe5 22. Bc4 Qh4 23. Rxe5 Qxg4+ 24. Qxg4 fxg4 25. d6+ Kh8 26. Rxc5 Rxf1+ 27.
Bxf1 Ne6 28. Rc4 h5 29. Bg2 Kg7 30. Nd5 Bb5 31. Re4 Kf7 32. Nc7 Nxc7 33. Re7+
Kf6 34. dxc7 Rh8 35. Re3 1-0

[Event "II Open FIDE"]
[Site "Forli' ITA"]
[Date "1989.06.20"]
[Round "4"]
[White "Vaisser, Anatoly V."]
[Black "Kosten, Anthony C."]
[WhiteElo "2525"]
[BlackElo "2505"]
[Result "1-0"]
[PlyCount "77"]
[EventDate "1989.06.17"]

1. d4 d6 2. e4 g6 3. c4 Bg7 4. Nc3 Nd7 5. Be3 e5 6. Qd2 Ne7 7. Nf3 O-O 8. h4 f5
9. dxe5 Nxe5 10. Nxe5 Bxe5 11. Bg5 Be6 12. exf5 Rxf5 13. Bd3 Qd7 14. Bxf5 Nxf5
15. b3 Qg7 16. Rc1 Rf8 17. O-O h6 18. Bf4 Bf6 19. Rfe1 Bc8 20. Re4 Kh7 21. Nd5
Bxh4 22. Rce1 c6 23. Ne3 Bf6 24. Nxf5 Bxf5 25. Re8 Rxe8 26. Rxe8 Qf7 27. Re1 d5
28. cxd5 cxd5 29. Bxh6 d4 30. Bg5 d3 31. Bxf6 Qxf6 32. Qb4 Kh6 33. Re8 Bd7 34.
Rf8 Qa1+ 35. Kh2 Kh5 36. Qf4 Be6 37. g4+ Bxg4 38. Rf7 Qh8 39. Kg3 1-0

[Event "II Open FIDE"]
[Site "Forli' ITA"]
[Date "1989.06.20"]
[Round "4"]
[White "Yermolinsky, Alex"]
[Black "Djuric, Stefan"]
[WhiteElo "2480"]
[BlackElo "2475"]
[Result "1-0"]
[PlyCount "129"]
[EventDate "1989.06.17"]

1. Nf3 c5 2. g3 Nc6 3. Bg2 g6 4. O-O Bg7 5. e4 d6 6. c3 e5 7. d3 Nge7 8. a3 a5
9. a4 O-O 10. Na3 h6 11. Nb5 Be6 12. Re1 Rc8 13. Nd2 d5 14. exd5 Bxd5 15. Ne4
b6 16. h4 Rb8 17. Qc2 f5 18. Ned6 Bxg2 19. Kxg2 Rf6 20. Nc4 Qd5+ 21. Kg1 f4 22.
Nd2 fxg3 23. fxg3 Rbf8 24. Ne4 Rf3 25. Be3 Nf5 26. Qg2 Nxg3 27. Nxg3 Qxd3 28.
Rad1 Qc4 29. Nd6 Qxh4 30. Nde4 Qg4 31. Bf2 Nd8 32. Nf1 Qh5 33. Nh2 R3f4 34. Bg3
R4f5 35. Qe2 Qh3 36. Qg4 Qxg4 37. Nxg4 Ne6 38. Rd6 Ng5 39. Nd2 Nf7 40. Rd3 h5
41. Ne3 Rf6 42. Ne4 Re6 43. Rd7 Bh6 44. Nd5 Kg7 45. Nd6 Kg8 46. Nxf7 Rxf7 47.
Rd8+ Rf8 48. Rxf8+ Kxf8 49. Rxe5 Rc6 50. Re7 Bc1 51. b3 c4 52. bxc4 Rxc4 53.
Bd6 Rg4+ 54. Kf2 Bg5 55. Re4+ Kf7 56. Rxg4 hxg4 57. Nxb6 Ke6 58. Bc7 Bf6 59. c4
Bd4+ 60. Kg3 Kf5 61. Nd7 Bc3 62. Nc5 Be1+ 63. Kg2 Bb4 64. Nb3 Ke4 65. Bxa5 1-0

[Event "II Open FIDE"]
[Site "Forli' ITA"]
[Date "1989.06.21"]
[Round "5"]
[White "Bartsch, Berthold"]
[Black "Meduna, Eduard"]
[WhiteElo "2275"]
[BlackElo "2485"]
[Result "0-1"]
[PlyCount "148"]
[EventDate "1989.06.17"]

1. e4 c6 2. c4 e5 3. Nc3 Nf6 4. g3 d6 5. Bg2 g6 6. Nf3 Bg7 7. O-O O-O 8. h3 a5
9. a3 a4 10. d3 Qa5 11. Bd2 Qa6 12. Be3 Nbd7 13. Qd2 Re8 14. Bh6 Nc5 15. Bxg7
Kxg7 16. Rad1 Qb6 17. Kh2 Nb3 18. Qc2 Nd7 19. Ne2 Nf8 20. d4 Nd7 21. Qc3 Qa5
22. d5 cxd5 23. Rxd5 Qc7 24. Rfd1 Nf6 25. Rb5 Nxe4 26. Qe3 Nf6 27. Nh4 Nc5 28.
Nc3 Be6 29. Rb4 Bd7 30. f4 e4 31. Qd4 Re6 32. Nd5 Qd8 33. f5 Re5 34. Nb6 Ra6
35. Qxd6 Qe7 36. Qxe7 Rxe7 37. fxg6 hxg6 38. Bf1 Re6 39. Nd5 Rad6 40. Ng2 Bc6
41. Nge3 Rd8 42. Kg1 Red6 43. Kf2 Nfd7 44. Nc3 Ne5 45. Ned5 Ncd3+ 46. Ke3 Nxb4
47. axb4 f5 48. Kf4 Nd3+ 49. Bxd3 exd3 50. b5 Bxd5 51. Nxd5 Rxd5 52. cxd5 Rxd5
53. b6 Rd6 54. Kg5 d2 55. Kf4 Rd3 56. Ke5 Rxg3 57. Rxd2 Rxh3 58. Rd7+ Kh6 59.
Kf6 Rb3 60. Rxb7 Rxb2 61. Rb8 Kh5 62. b7 Rb6+ 63. Ke7 Kg4 64. Kd7 f4 65. Kc7
Rb1 66. Ra8 g5 67. Rxa4 Kg3 68. Ra1 Rb2 69. Rg1+ Kh4 70. Rh1+ Kg4 71. Rg1+ Kf5
72. b8=Q Rxb8 73. Kxb8 f3 74. Kc7 g4 0-1

[Event "II Open FIDE"]
[Site "Forli' ITA"]
[Date "1989.06.21"]
[Round "5"]
[White "Den Boer, Ber"]
[Black "Raiano, Andrea"]
[WhiteElo "2290"]
[BlackElo "2240"]
[Result "1/2-1/2"]
[PlyCount "74"]
[EventDate "1989.06.17"]

1. d4 Nf6 2. c4 e6 3. Nf3 c5 4. d5 exd5 5. cxd5 d6 6. Nc3 g6 7. Nd2 Bg7 8. e4
O-O 9. Be2 Na6 10. O-O Nc7 11. a4 Re8 12. f3 Nd7 13. Nc4 Ne5 14. Ne3 f5 15.
exf5 gxf5 16. f4 Ng6 17. Kh1 Qf6 18. Bd2 Bd7 19. Qb3 Rab8 20. Nc2 b5 21. axb5
Bxb5 22. Bxb5 a6 23. Qa4 axb5 24. Qa7 Qf7 25. Ne3 Rec8 26. Ra5 Bxc3 27. bxc3
Ra8 28. Qb7 Rab8 29. Qc6 Ne8 30. Qa6 Ne7 31. c4 Qf6 32. Nd1 Nc7 33. Bc3 Qh6 34.
Qa7 bxc4 35. Re1 Ra8 36. Qb7 Rab8 37. Qa7 Ra8 1/2-1/2

[Event "II Open FIDE"]
[Site "Forli' ITA"]
[Date "1989.06.21"]
[Round "5"]
[White "Kosten, Anthony C."]
[Black "Delchev, Aleksander"]
[WhiteElo "2505"]
[BlackElo "2410"]
[Result "1-0"]
[PlyCount "131"]
[EventDate "1989.06.17"]

1. e4 c6 2. d4 d5 3. exd5 cxd5 4. c4 Nf6 5. Nc3 e6 6. Nf3 Bb4 7. cxd5 Nxd5 8.
Qc2 Nc6 9. Be2 O-O 10. O-O Nf6 11. Rd1 Be7 12. Bg5 Nb4 13. Qb3 Nbd5 14. Ne5 Qd6
15. Bf3 Rd8 16. Rac1 Rb8 17. Bh4 Qb6 18. Bxd5 exd5 19. Qxb6 axb6 20. Na4 b5 21.
Nb6 Be6 22. Nd3 Kf8 23. Nc5 Bd6 24. Re1 Bf4 25. Nxe6+ fxe6 26. Rc5 Rd6 27. Rxb5
g5 28. Bg3 Bxg3 29. hxg3 Rc6 30. a4 Re8 31. a5 Re7 32. Rc5 Rxc5 33. dxc5 e5 34.
b4 d4 35. Nc8 Rc7 36. Nd6 d3 37. Rd1 e4 38. f3 Nd5 39. Nxe4 Nxb4 40. Nxg5 Ke7
41. Ne4 Ke6 42. Kf2 Kd5 43. Rb1 Kc4 44. Ke3 h5 45. Kd2 Re7 46. Rh1 Re5 47. Rh4
Nc2 48. Nd6+ Kxc5 49. Nxb7+ Kc6 50. a6 Kb6 51. Kxd3 Ne1+ 52. Kd4 Rg5 53. Rh1
Nxg2 54. Ra1 Rg8 55. Nd6 Ka7 56. Kc5 Rg5+ 57. Kc6 Rg6 58. f4 Ne3 59. Kc5 Ka8
60. a7 Nc2 61. Ra2 Nb4 62. Rd2 Na6+ 63. Kb6 Nb4 64. f5 Rf6 65. Kb5 Na2 66. Rxa2
1-0

[Event "II Open FIDE"]
[Site "Forli' ITA"]
[Date "1989.06.21"]
[Round "5"]
[White "Marinelli, Tullio"]
[Black "Tatai, Stefano"]
[WhiteElo "2260"]
[BlackElo "2395"]
[Result "1/2-1/2"]
[PlyCount "44"]
[EventDate "1989.06.17"]

1. d4 Nf6 2. c4 e6 3. Nc3 Bb4 4. Qc2 O-O 5. Bg5 d5 6. e3 dxc4 7. Bxc4 Nbd7 8.
a3 Be7 9. Nf3 b6 10. O-O Bb7 11. e4 c5 12. Rad1 cxd4 13. Nxd4 Qc8 14. Ba2 Re8
15. Bb1 Nf8 16. Qd2 h6 17. Bf4 Rd8 18. e5 Bc5 19. Ncb5 Nh5 20. Be3 a6 21. Qe2
g6 22. Nc3 Bxd4 1/2-1/2

[Event "II Open FIDE"]
[Site "Forli' ITA"]
[Date "1989.06.21"]
[Round "5"]
[White "Pavlovic, Milos"]
[Black "Beulen, Marcel"]
[WhiteElo "2375"]
[BlackElo "2225"]
[Result "1-0"]
[PlyCount "61"]
[EventDate "1989.06.17"]

1. Nf3 Nf6 2. g3 d5 3. Bg2 c6 4. c4 Bg4 5. Ne5 Bf5 6. cxd5 cxd5 7. Nc3 e6 8.
Qa4+ Nbd7 9. g4 Bg6 10. h4 h6 11. Nxg6 fxg6 12. Rh3 Bd6 13. g5 Nh5 14. gxh6 Nf4
15. hxg7 Rg8 16. d3 Nxg2+ 17. Kf1 Nxh4 18. Rxh4 Qf6 19. Rh3 Qxg7 20. Nb5 Be5
21. Bg5 Rc8 22. Qg4 Nf8 23. d4 Bb8 24. Kg2 Qf7 25. Rf3 Qd7 26. Rh1 Qxb5 27. Rh7
Rc7 28. Rxf8+ Kxf8 29. Bh6+ Rcg7 30. Qf3+ Ke8 31. Bxg7 1-0